| 000 | 00678nam a22002057a 4500 | ||
|---|---|---|---|
| 999 |
_c20010 _d20010 |
||
| 003 | AR-CdUCM | ||
| 008 | 190524b ||||| |||| 00| 0 spa d | ||
| 040 |
_aMUNICIPALIDAD PROVINCIAL DEL CUSCO _cBIBLIOTECA MUNICIPAL DEL CUSCO |
||
| 082 |
_a174 / _bM42 |
||
| 100 |
_aMenéndez, Aquiles. _941851 |
||
| 245 | _aÉtica profesional / | ||
| 260 |
_aMéxico : _bHerrero hermanos sucs, _c1962. |
||
| 300 |
_a281 páginas ; _c23 cm. |
||
| 505 | _aContenido: Conceptos fundamentales -- Deberes generales -- Deberes particulares. | ||
| 650 |
_aÉtica _91337 |
||
| 650 |
_aDeberes _916192 |
||
| 650 |
_aTrípode hipocrático _941852 |
||
| 942 |
_2ddc _cLIBROS |
||
| 945 |
_adavv _d2019-05-24 |
||